| 000 | 00895nmm a2200253 a 4500 | ||
|---|---|---|---|
| 001 | ocm000701430 | ||
| 003 | TR-IsHL | ||
| 005 | 20201028131520.0 | ||
| 008 | 131028s2003 tu tur | ||
| 007 | cr cn | ||
| 035 |
_a701430 _b(N$T) |
||
| 050 | 0 | 4 |
_aAS348.B3 _bB35 2003 |
| 090 | 0 | 4 |
_aAS348.B3 _bB35 2003 |
| 245 | 1 | 0 |
_aBalıkesir Üniversitesi uluslararası yayınlar bibliyografyası 1998- 2003 _h[electronic resource] |
| 250 | _a1. bs. | ||
| 260 |
_aBalıkesir : _bBalıkesir Üniversitesi Yayınları, _c2003 |
||
| 300 | _a320 p. | ||
| 650 | 4 | _aKütüphanecilik | |
| 650 | 4 | _aLibrary Science | |
| 650 | 0 |
_aBilimsel yayıncılık _x Türkiye _x Katalog |
|
| 650 | 0 |
_aScience publishing _x Turkey _x Catalogs |
|
| 650 | 7 |
_aLANGUAGE ARTS & DISCIPLINES / Publishing _2bisacsh |
|
| 856 | 4 | 0 | _uhttp://search.ebscohost.com/login.aspx?direct=true&scope=site&db=e011xww&AN=701430 |
| 999 |
_c4604 _d4604 |
||